[Event "DSJ Weihnachtsturnier U20 2020"]
[Site "https://play.chessbase.com/en/play?room=DSJWeihnachtU20"]
[Date "2020.12.29"]
[Round "6"]
[White "Mudan, Gaurav Singh"]
[Black "Hix, Jonathan"]
[Result "1-0"]
[Termination "normal"]
[Board "22.4"]
[WhiteElo "883"]
[BlackElo "795"]
[WhiteTeam "SGem Aschheim/Feldkirchen/Kirchheim 2"]
[BlackTeam "SGem Aschheim/Feldkirchen/Kirchheim 3"]
[PlyCount "120"]
[WhiteFideId "34634606"]
[BlackFideId "34634630"]
[EventRounds "7"]
[EventType "team-swiss"]
[EventDate "2020.12.29"]

1. e4 {[%emt 0:00:05]} d5 {[%emt 0:00:08]} 2. exd5 {[%emt 0:00:12]} Qxd5 {
[%emt 0:00:06]} 3. Nc3 {[%emt 0:00:01]} Qd8 {[%emt 0:00:03]} 4. Nf3 {[%emt
0:00:03]} Nc6 {[%emt 0:00:04]} 5. d4 {[%emt 0:00:10]} f6 {[%emt 0:00:10]} 6.
Bc4 {[%emt 0:00:13]} e5 {[%emt 0:00:04]} 7. O-O {[%emt 0:00:16]} Bd7 {[%emt
0:00:07]} 8. dxe5 {[%emt 0:00:05]} fxe5 {[%emt 0:00:05]} 9. Re1 {[%emt
0:00:02]} Qe7 {[%emt 0:00:04]} 10. Bg5 {[%emt 0:00:05]} Qc5 {[%emt 0:00:12]}
11. Qd5 { [%emt 0:00:27]} Qxd5 {[%emt 0:00:03]} 12. Bxd5 {[%emt 0:00:02]} Be7
{[%emt 0:00:01]} 13. Bxe7 {[%emt 0:00:03]} Ngxe7 {[%emt 0:00:10]} 14. Bxc6
{[%emt 0:00:05]} Bxc6 {[%emt 0:00:02]} 15. Rxe5 {[%emt 0:00:03]} Bxf3 {[%emt
0:00:09]} 16. gxf3 {[%emt 0:00:04]} Rf8 {[%emt 0:00:02]} 17. Rae1 {[%emt
0:00:04]} Rf7 { [%emt 0:00:03]} 18. Nd5 {[%emt 0:00:04]} O-O-O {[%emt 0:00:06]}
19. Nxe7+ { [%emt 0:00:03]} Kb8 {[%emt 0:00:03]} 20. Nf5 {[%emt 0:00:24]} a6
{[%emt 0:00:11]} 21. Re7 {[%emt 0:00:06]} Rxf5 {[%emt 0:00:05]} 22. Rxg7 {[%emt
0:00:02]} Rxf3 {[%emt 0:00:02]} 23. Rxh7 {[%emt 0:00:04]} Rd2 {[%emt 0:00:12]}
24. Rf1 { [%emt 0:00:17]} Rxc2 {[%emt 0:00:04]} 25. h4 {[%emt 0:00:02]} Rxb2
{[%emt 0:00:06]} 26. h5 {[%emt 0:00:02]} Rf6 {[%emt 0:00:07]} 27. f4 {[%emt
0:00:05]} Rxa2 {[%emt 0:00:07]} 28. h6 {[%emt 0:00:01]} c5 {[%emt 0:00:06]} 29.
Rh8+ {[%emt 0:00:02]} Ka7 {[%emt 0:00:01]} 30. h7 {[%emt 0:00:01]} Rh6 {[%emt
0:00:04]} 31. f5 {[%emt 0:00:04]} Rhh2 {[%emt 0:00:03]} 32. Rf4 {[%emt
0:00:23]} Rhb2 { [%emt 0:00:08]} 33. Ra8+ {[%emt 0:00:09]} Kb6 {[%emt 0:00:10]}
34. h8=Q { [%emt 0:00:03]} Rb1+ {[%emt 0:00:03]} 35. Rf1 {[%emt 0:00:04]} Rbb2
{[%emt 0:00:03]} 36. Qf6+ {[%emt 0:00:09]} Kb5 {[%emt 0:00:04]} 37. Qxb2+
{[%emt 0:00:07]} Rxb2 {[%emt 0:00:02]} 38. f6 {[%emt 0:00:02]} c4 {[%emt
0:00:02]} 39. f7 { [%emt 0:00:02]} c3 {[%emt 0:00:01]} 40. f8=Q {[%emt
0:00:02]} c2 {[%emt 0:00:02]} 41. Qe8+ {[%emt 0:00:02]} Kb6 {[%emt 0:00:04]}
42. Qe6+ {[%emt 0:00:22]} Kc7 {[%emt 0:00:31]} 43. Qe5+ {[%emt 0:00:06]} Kc6
{[%emt 0:00:04]} 44. Qxb2 { [%emt 0:00:02]} Kc5 {[%emt 0:00:01]} 45. Rc8+
{[%emt 0:00:05]} Kd5 {[%emt 0:00:04]} 46. Rd1+ {[%emt 0:00:02]} cxd1=Q+ {[%emt
0:00:04]} 47. Kf2 {[%emt 0:00:22] } Qd4+ {[%emt 0:00:05]} 48. Qxd4+ {[%emt
0:00:03]} Kxd4 {[%emt 0:00:01]} 49. Rb8 {[%emt 0:00:01]} b5 {[%emt 0:00:02]}
50. Rb6 {[%emt 0:00:02]} Kc4 {[%emt 0:00:04]} 51. Rxa6 {[%emt 0:00:02]} b4
{[%emt 0:00:01]} 52. Ke2 {[%emt 0:00:03]} Kc3 {[%emt 0:00:01]} 53. Rc6+ {[%emt
0:00:04]} Kb2 {[%emt 0:00:03]} 54. Kd3 { [%emt 0:00:03]} b3 {[%emt 0:00:01]}
55. Rb6 {[%emt 0:00:02]} Ka2 {[%emt 0:00:03]} 56. Kc3 {[%emt 0:00:02]} b2
{[%emt 0:00:02]} 57. Rxb2+ {[%emt 0:00:02]} Ka1 {[%emt 0:00:01]} 58. Rb8 {[%emt
0:00:02]} Ka2 {[%emt 0:00:05]} 59. Rb7 { [%emt 0:00:07]} Ka1 {[%emt 0:00:03]}
60. Kc2 {[%emt 0:00:02]} Ka2 {[%emt 0:00:01]} 1-0